Cm̤o interrogar y contrainterrogar en juicios orales

Bibliographic Details
Main Author: Andrš Campoli, Gabriel
Format: eBook
Language:Spanish
Published: Mx̌ico D.F. : Gabriel Andrš Campoli, 2013
Subjects:
Online Access:http://www.vlex.com/source/11321

MARC

LEADER 00000nam a22000007a 4500
005 20130613190502.0
007 cr|||| ||||
008 130613e2013 mx |||||s|||| 00||0 spa d
020 |a 968-9184-87-3  
035 |a 11321 
040 |a vLex 
090 |c 4349  |d 4349 
100 1 0 |a Andrš Campoli, Gabriel  
245 |a Cm̤o interrogar y contrainterrogar en juicios orales  |c / Gabriel Andrš Campoli  |h [Recurso electrn̤ico] 
256 |a Servicio en ln̕ea 
260 |a Mx̌ico D.F. :  |b Gabriel Andrš Campoli,   |c 2013 
300 |a 1 Recurso electrn̤ico 
506 |a Contenido solo disponible en los productos indicados  |d vLex Global   |d vLex Global (Academic Edition, excluding Law Schools)  |d vLex Global (U.S. Academic Edition, excluding Law Schools)  |d vLex Global (U.S. Academic Edition, Law Schools)  |d vLex Global (Academic Edition, Law Schools) 
650 4 |a Procedimiento Penal  |z Mx̌ico 
650 4 |a Juicio oral  |z Mx̌ico 
740 |a vLex Libros (Servicio en ln̕ea) 
856 |a Acceso restringido  |u http://www.vlex.com/source/11321 
942 |c BOOK 
999 0 |a Labor laws and legislation